000 nam a22 7a 4500
999 _c50622
_d50622
003 OSt
005 20210323152851.0
008 210323b xxu||||| |||| 00| 0 eng d
040 _cIIMT UNIVERSITY MEERUT
100 _aNETTER, ND FRANK
245 _aATLAS OF HUMAN ANATOMY
260 _bELSEYIER
_c2014
300 _a535
942 _2ddc
_c01